Handbook of product design for manufacturing :a practical guide to low-cost production / (Record no. 61254)

000 -LEADER
fixed length control field 01177pam a2200277 a 4500
001 - CONTROL NUMBER
control field 2843071
003 - CONTROL NUMBER IDENTIFIER
control field NUST-PNEC
005 - DATE AND TIME OF LATEST TRANSACTION
control field 20170116180718.0
008 - FIXED-LENGTH DATA ELEMENTS--GENERAL INFORMATION
fixed length control field 841219s1986 nyua 001 0 eng
010 ## - LIBRARY OF CONGRESS CONTROL NUMBER
LC control number 84029697
020 ## - INTERNATIONAL STANDARD BOOK NUMBER
International Standard Book Number 0070071306
040 ## - CATALOGING SOURCE
Transcribing agency PNEC
050 00 - LIBRARY OF CONGRESS CALL NUMBER
Classification number TS176
Item number .H337 1986
082 00 - DEWEY DECIMAL CLASSIFICATION NUMBER
Classification number 671 BRA
Edition number 19
100 ## - MAIN ENTRY--PERSONAL NAME
9 (RLIN) 758
Personal name Bralla, James G.
245 00 - TITLE STATEMENT
Title Handbook of product design for manufacturing :a practical guide to low-cost production /
Statement of responsibility, etc. James G. Bralla, editor in chief.
260 ## - PUBLICATION, DISTRIBUTION, ETC.
Place of publication, distribution, etc. New York :
Name of publisher, distributor, etc. McGraw-Hill,
Date of publication, distribution, etc. c1986.
300 ## - PHYSICAL DESCRIPTION
Extent 1135 p. in various pagings :
Other physical details ill. ;
Dimensions 24 cm.
500 ## - GENERAL NOTE
General note Includes index. http://www.amazon.com/Handbook-Product-Design-Manufacturing-Mcgraw-Hill/dp/0070071306/ref=sr_1_1?s=books&ie=UTF8&qid=1413968259&sr=1-1&keywords=Handbook+of+product+design+for+manufacturing+%3A+a+practical+guide+to+low-cost+production
650 #0 - SUBJECT ADDED ENTRY--TOPICAL TERM
Topical term or geographic name entry element Production engineering
Form subdivision Handbooks, manuals, etc.
General subdivision ME, IME
650 #0 - SUBJECT ADDED ENTRY--TOPICAL TERM
Topical term or geographic name entry element Engineering design
Form subdivision Handbooks, manuals, etc.
650 #0 - SUBJECT ADDED ENTRY--TOPICAL TERM
Topical term or geographic name entry element Product design
Form subdivision Handbooks, manuals, etc.
700 1# - ADDED ENTRY--PERSONAL NAME
Personal name Bralla, James G.
906 ## - LOCAL DATA ELEMENT F, LDF (RLIN)
a 7
b cbc
c orignew
d 1
e ocip
f 19
g y-gencatlg
942 ## - ADDED ENTRY ELEMENTS (KOHA)
Source of classification or shelving scheme
Koha item type Book
Holdings
Withdrawn status Lost status Source of classification or shelving scheme Damaged status Not for loan Permanent Location Current Location Shelving location Date acquired Source of acquisition Cost, normal purchase price Total Checkouts Full call number Barcode Date last seen Cost, replacement price Price effective from Koha item type
          Pakistan Navy Engineering College (PNEC) Pakistan Navy Engineering College (PNEC) Reference 11/24/1991 Paramount Publishing Enterprises 1188.00   671 BRA PNECLIB-015870 10/22/2014 1188.00 11/24/1991 Book
© 2023 Central Library, National University of Sciences and Technology. All Rights Reserved.